| 000 | 01138nac a22002171u 4500 | ||
|---|---|---|---|
| 008 | 100718s1977 ku|||||r|||| 000 0 ara d | ||
| 082 |
_bب د و _a184 |
||
| 100 |
_aبدوي،عبد الرحمن _916353 |
||
| 245 |
_aالأفلاطونية المحدثة عند العرب : _bابرقلس : "الخير المحض " , "في قدم العالم " , "في المسائل الطبيعية " هرمس : معادلةالنفس أفلاطون : الروابيع / _cابرقلس ؛هرمس ؛أفلاطون ؛حققها وقدم لها عبد الرحمن بدوي |
||
| 250 | _aط2 | ||
| 260 |
_aالكويت : _bوكالة المطبوعات,1977 _c1977. |
||
| 300 |
_a272 ص؛ _c24 سم. |
||
| 511 | _aCatalogued by: Sara | ||
| 541 |
_aالف باء؛ _cشراء؛ |
||
| 650 |
_aالأفلاطونية الحديثة _916504 |
||
| 700 |
_aبدوي،عبد الرحمن _916353 |
||
| 700 |
_aAflaton _916355 |
||
| 700 |
_aHarmas _916356 |
||
| 942 |
_cBB _k184ب د و _2ddc |
||
| 999 |
_c6756 _d6756 |
||